TILL THE LAST BREATH (Record no. 3140)
[ view plain ]
| 000 -LEADER | |
|---|---|
| fixed length control field | 00575nam a22001457a 4500 |
| 020 ## - INTERNATIONAL STANDARD BOOK NUMBER | |
| ISBN | 978-0-143-42157-3 |
| 082 ## - DEWEY DECIMAL CLASSIFICATION NUMBER | |
| Classification number | 823 |
| Item number | DAT/T |
| 100 ## - MAIN ENTRY--AUTHOR NAME | |
| Personal name | DATTA,DURJOY |
| 245 ## - TITLE STATEMENT | |
| Title | TILL THE LAST BREATH |
| 260 ## - PUBLICATION, DISTRIBUTION, ETC. (IMPRINT) | |
| Place of publication | HARYANA |
| Name of publisher | PENGUIN BOOKS |
| 300 ## - PHYSICAL DESCRIPTION | |
| Number of Pages | 247 |
| 520 ## - SUMMARY, ETC. | |
| Summary, etc | One is a brilliant nineteen-year-old medical student, suffering from an incurable, fatal disease. She counts every extra breath as a blessing. The other is a twenty-five-year-old drug addict whose organs are slowly giving up. He can't wait to get rid of his body. |
| 650 ## - SUBJECT ADDED ENTRY--TOPICAL TERM | |
| Topical Term | ENGLISH NOVEL |
| Geographic subdivision | INDIA |
| 942 ## - ADDED ENTRY ELEMENTS (KOHA) | |
| Koha item type | Books |
| Withdrawn status | Lost status | Collection code | Home library | Current library | Shelving location | Date acquired | Source of acquisition | Full call number | Accession Number | Koha item type |
|---|---|---|---|---|---|---|---|---|---|---|
| Fiction | Main Library | Main Library | SHELF-2-I ENGLIAH NOVEL TEACHERS | 07/11/2016 | PURCHASE | 823 DAT/T | 09854 | Books |